Crisis sociohídrica en la ribera del lago de Chapala /

שמור ב:
מידע ביבליוגרפי
מחבר ראשי: Herrera Lima, Susana (coordinación)
מחברים אחרים: Peralta Varela, Carlos Armando (introducción) (introducción)
פורמט: ספר
שפה:ספרדית
יצא לאור: Guadalajara, México : ITESO, 2024, c2024
נושאים:
תגים: הוספת תג
אין תגיות, היה/י הראשונ/ה לתייג את הרשומה!

MARC

LEADER 00000nam^a2200000^a^4500
001 000590279
005 20251016102946.0
009 20260310132905.624
020 |a 978-607-8910-57-1 
037 |a Acervo ITESO - Biblioteca 
041 |a ESP 
082 |a 304. 28097235  |b HER 
100 |a Herrera Lima, Susana  |e (coordinación) 
245 1 0 |a Crisis sociohídrica en la ribera del lago de Chapala /  |c Coord. e introd. de S. Herrera Lima ; introd. de C.A. Peralta Varela. 
264 4 |a Guadalajara, México :  |b ITESO,  |c 2024, c2024 
300 |a 225 p. 
336 |a texto  |b txt  |2 rdacontenido 
337 |a sin mediación  |b n  |2 rdamedio 
338 |a volumen  |b nc  |2 rdasoporte 
649 |a XX 
650 |a Agua -  |z Mezcala, Jalisco -  |x Contaminación -  |x Tema Principal 
650 |a Agua -  |z Poncitlán, Jalisco -  |x Contaminación -  |x Tema Principal 
650 |a Agua -  |z Chapala (Lago) -  |x Contaminación 
650 |a Deterioro Ambiental -  |z Poncitlán, Jalisco 
650 |a Problemas Sociales -  |z Poncitlán, Jalisco 
650 |a Política y Salud Pública -  |z Poncitlán, Jalisco 
650 |a Desarrollo Sustentable -  |z Poncitlán, Jalisco 
650 |a Ecología Social 
650 |a Mezcala, Jalisco -  |x Condiciones Sociales y Culturales 
650 |a Chapala (Lago) -  |x Condiciones Sociales y Culturales 
650 |a México -  |x Condiciones Sociales y Culturales 
700 |a Peralta Varela, Carlos Armando  |e (introducción) 
910 |a Fondo General 
920 |a Impresos - Libros 
930 |a Reserva Especial 
905 |a 103 
901 |a 590279-10  |b IT1  |c REE  |i D131475  |u 20250521 
901 |a 590279-20  |b IT1  |c REE  |i D131474  |u 20250521 
902 |a https://opac.biblio.iteso.mx/vufind/Record/000590279